| 000 | 00596nam a2200181 4500 | ||
|---|---|---|---|
| 001 | 143329 | ||
| 003 | ES-MaACL | ||
| 005 | 20250624062526.0 | ||
| 007 | t| | ||
| 008 | 070214s1928 sp r ||||1| spa d | ||
| 100 | 1 |
_aSender, Ramón J., _d1901-1982 _9105441 |
|
| 245 | 1 | 3 |
_aEl problema religioso en Méjico _b: católicos y cristianos / _cRamón J. Sender ; prólogo de Ramón del Valle-Inclán. |
| 260 |
_aMadrid : _bArgis, _c1928. |
||
| 300 |
_a230 p. ; _c19 cm. |
||
| 700 | 1 |
_aValle-Inclán, Ramón del, _d1866-1936 _9112796 |
|
| 852 |
_aES-MaACL _jB-54 |
||
| 999 |
_c143329 _d143329 |
||